| 000 | 01387nem0a2200289 4500 | ||
|---|---|---|---|
| 001 | RU\NLR\BIBL_A\022672618 | ||
| 005 | 20260409065143.0 | ||
| 035 | _a(NLR Aleph) 022672618 | ||
| 090 |
_a13470965 _c13470965 |
||
| 100 | _a20251125d1923 m y0rusy50 ca | ||
| 101 | 0 | _arus | |
| 102 | _aRU | ||
| 120 | _abyy xx|| | ||
| 123 | 1 |
_aа _b400000 |
|
| 200 | 1 |
_aКарта (схематическая) Харьковской губ. _bКарты _eАдм. - территор. деление утвержденное ВУЦИКом 9-го марта 1923-го года _fЧерт. И. Малеваный |
|
| 206 | _a[1:420 000, 10 верст в 1 дюйме (ок. 4 км в 1 см)]; граф. м-б в верстах? | ||
| 210 |
_aБ. м. _d1923 _eХарьков _g1-я гос. литография |
||
| 215 |
_a1 к. _c1 цв. _d72х107 см |
||
| 509 | 0 | 1 |
_7ca _aХарьковская _hгуберния _92634855 _3RU\NLR\auth_crt\551686 |
| 607 |
_aХарьковская губерния _jКарты _xВоенно-статистический анализ _92539731 _3RU\NLR\AUTH\661503680 |
||
| 608 |
_aАдминистративные карты _3RU\NLR\AUTH\667834 _9901648 |
||
| 608 |
_aБланковые карты _92341115 _3RU\NLR\AUTH\6601622864 |
||
| 702 | 1 |
_aМалеваный _bИ. _4180 |
|
| 852 |
_aNLR _bК _j4-Укр 4/178 _m7916 |
||
| 942 | _cMAP | ||
| 980 | _aNB | ||